ბათუმის შოთა რუსთაველის სახელმწიფო უნივერსიტეტის ბიბლიოთეკა

სატყეო მეურნეობის სამუშაოთა მექანიზაცია (ბიბ.ჩანაწერი № 44412)

000 -LEADER
fixed length control field 00943nam a2200229Ia 4500
001 - CONTROL NUMBER
control field 11178
003 - CONTROL NUMBER IDENTIFIER
control field GE_BSU
008 - FIXED-LENGTH DATA ELEMENTS--GENERAL INFORMATION
fixed length control field 181216s||||||||xx |||||||||||||| ||und||
040 ## - CATALOGING SOURCE
Transcribing agency GE_BSU
080 ## - UNIVERSAL DECIMAL CLASSIFICATION NUMBER
Universal Decimal Classification number 630.36/37(075.8)
100 ## - MAIN ENTRY--PERSONAL NAME
Personal name ჩიხლაძე ბ.
245 ## - TITLE STATEMENT
Title სატყეო მეურნეობის სამუშაოთა მექანიზაცია
245 ## - TITLE STATEMENT
Remainder of title სახელმძღ. სას-სამ. ინ-ტის სატყეო-სამეურნეო ფაკ-ტის სტუდენტებისათვის
245 ## - TITLE STATEMENT
Statement of responsibility, etc. რედ. ი.გოგუაძე
260 ## - PUBLICATION, DISTRIBUTION, ETC.
Place of publication, distribution, etc. თბილისი.
260 ## - PUBLICATION, DISTRIBUTION, ETC.
Name of publisher, distributor, etc. განათლება.
260 ## - PUBLICATION, DISTRIBUTION, ETC.
Date of publication, distribution, etc. 1971
300 ## - PHYSICAL DESCRIPTION
Extent 454გვ.22სმ.
300 ## - PHYSICAL DESCRIPTION
Accompanying material ილ;ცხრ.
653 ## - INDEX TERM--UNCONTROLLED
Uncontrolled term სატყეო მეურნეობის სამუშაოთა მექანიზაცია
942 ## - ADDED ENTRY ELEMENTS (KOHA)
Koha item type წიგნი
ეგზემპლარები
Withdrawn status Lost status Damaged status Not for loan Date acquired Barcode Date last seen Price effective from Koha item type
        2018-12-17 19242 2018-12-17 2018-12-17 წიგნი
        2018-12-17 19243 2018-12-17 2018-12-17 წიგნი
        2018-12-17 19244 2018-12-17 2018-12-17 წიგნი
        2018-12-17 19245 2018-12-17 2018-12-17 წიგნი
        2018-12-17 19246 2018-12-17 2018-12-17 წიგნი
        2018-12-17 19247 2018-12-17 2018-12-17 წიგნი